| 000 | 00592ntaaa2200205 4500 | ||
|---|---|---|---|
| 003 | 01 | ||
| 005 | 20251027202532.0 | ||
| 008 | 0714s1973 ag 01 | ||
| 020 | _a0334019672 | ||
| 040 |
_aAR-BaBN _bspa _cAR-BaBN _eaacr _dRIC |
||
| 082 | _a248.4000 D56w | ||
| 245 |
_aA dictionary of Christian spirituality / _cGordon S. Wakesfield, |
||
| 250 | _a1 ed. | ||
| 260 |
_aLondon : _bSCM Press, _c1983 |
||
| 300 |
_axv, 400 p. ; _c23 cm |
||
| 650 |
_aVida cristiana--diccionarios _924393 |
||
| 650 |
_aEspiritualidad--diccionarios _924394 |
||
| 700 |
_aWakesfield, Gordon S. _924395 |
||
| 942 | _cBK | ||
| 999 |
_c20418 _d20418 |
||